000 00449nam a2200169Ia 4500
005 20250423101348.0
008 250422s9999 xx 000 0 und d
020 _a978- 1- 4000- 3477- 9
050 _aPR6063.C326 N6
100 _aAlexander McCall Smith
245 4 _aThe no.1 ladies' detective agency
260 _bAnchor books
260 _c2002
300 _a235 p
650 _aWomen private investigators- Botswana- fiction
942 _cBK
999 _c36086
_d36086